书目信息 |
| 题名: |
计算机基础知识(一级DOS环境)
|
|
| 作者: | 姚琳 编著 | |
| 分册: | ||
| 出版信息: | 北京 电子工业出版社 1999.10 |
|
| 页数: | 228页 | |
| 开本: | 16开 | |
| 丛书名: | ||
| 单 册: | ||
| 中图分类: | TP316.6 | |
| 科图分类: | ||
| 主题词: | 软件 | |
| 电子资源: | ||
| ISBN: | 7-5053-5314-4 | |
| 000 | 00583nam0 2200193 45 | |
| 001 | 0005251882 | |
| 005 | 20000525180754.7 | |
| 010 | @a7-5053-5314-4@d19.00元 | |
| 100 | @a20000525d1999 km y0chiy0120 ea | |
| 101 | @achi | |
| 105 | @a z 000yy | |
| 200 | 1 | @a计算机基础知识(一级DOS环境)@AJi Suan Ji Ji Chu Zhi Shi(Yi Ji DOS Huan Jing)@f姚琳等编著@FYao Lin Deng Bian Zhu |
| 210 | @a北京@c电子工业出版社@d1999.10 | |
| 215 | @a228页@d16开 | |
| 606 | 0 | @a软件 |
| 690 | @aTP316.6@v3 | |
| 701 | @a姚琳@4编著 | |
| 801 | @aCN@bPftUser@c20000525 | |
| 905 | @f3@b56593-595@dTP316.6@eY.479 | |
| 计算机基础知识(一级DOS环境)/姚琳等编著.-北京:电子工业出版社,1999.10 |
| 228页;16开 |
| ISBN 7-5053-5314-4:19.00元 |
| ● |
| 相关链接 |
|
|
|
正题名:计算机基础知识(一级DOS环境)
索取号:TP316.6/Y.479
 
预约/预借
| 序号 | 登录号 | 条形码 | 馆藏地/架位号 | 状态 | 备注 |
| 1 | 56593 | 200565931 | 自科二线504/504自科库 6排1列4层/ [索取号:TP316.6/Y.479] | 在馆 | |
| 2 | 56594 | 200565940 | 期刊室512/301自科库 60排1列1层/ [索取号:TP316.6/Y.479] | 在馆 | |
| 3 | 56595 | 200565959 | 期刊室512/301自科库 60排1列1层/ [索取号:TP316.6/Y.479] | 在馆 |